| 000 | 00549nam a2200169 4500 | ||
|---|---|---|---|
| 001 | 5021 | ||
| 005 | 20181127174619.0 | ||
| 020 | 0 | 0 | _a9679920542 |
| 090 | 0 | 0 | _a248.3 D5333d 1993 |
| 100 | 0 | 0 | _aDhammananda, Venerable K Sri. |
| 245 | 0 | 0 |
_aDaily Buddhist devotions / _b _cVenerable K Sri Dhammananda. _h |
| 260 | 0 | 0 |
_aTaiwan : _bThe Corporate Body of the Buddha Educational Foundation, _c1993. |
| 300 | 0 | 0 | _a220 p. ; 19 cm. |
| 650 |
_aMeditation -- Buddhism. _v _x _y _z _2 |
||
| 650 | 0 | 0 |
_aBuddhism --Prayers and devotions. _x |
| 999 |
_c4192 _d4192 |
||